000 00571nam a2200217Ia 4500
003 OSt
005 20220928145113.0
006 a|||||r|||| 00| 0
007 ta
008 220927b |||||||| |||| 00| 0 eng d
024 _a78841
037 _cTextual
040 _aSDCL
_cSDCL
_beng
041 _2eng
_aeng
082 _aW691y7M18, L3
100 _aChilds David
_9511731
245 0 _aMarx and the marxists
_b An outline of practice and theory.
260 _c1973
942 _hW691y7M18, L3
_cTEXL
_2CC
999 _c832030
_d832030